Global citizenship and the legacy of empire marketing development /

Bibliographic Details
Main Author: Biccum, April, 1973-
Corporate Author: ProQuest (Firm)
Format: Electronic eBook
Language:English
Published: London ; New York : Routledge, 2010.
Series:Routledge/RIPE studies in global political economy ; 28.
Subjects:
Online Access:Click to View
LEADER 01581nam a2200421Ia 4500
001 EBC995642
003 MiAaPQ
005 20200520144314.0
006 m o d |
007 cr cn|||||||||
008 090127s2010 enka sb 001 0 eng d
010 |z  2009002275 
020 |z 0415461782 (hbk.) 
020 |z 9780415461788 (hbk.) 
020 |a 020387417X (electronic bk.) 
020 |a 9780203874172 (electronic bk.) 
035 |a (MiAaPQ)EBC995642 
035 |a (Au-PeEL)EBL995642 
035 |a (CaPaEBR)ebr10592787 
035 |a (CaONFJC)MIL385929 
035 |a (OCoLC)829462082 
040 |a MiAaPQ  |c MiAaPQ  |d MiAaPQ 
050 4 |a HD75  |b .B525 2010 
082 0 4 |a 338.9  |2 22 
100 1 |a Biccum, April,  |d 1973- 
245 1 0 |a Global citizenship and the legacy of empire  |h [electronic resource] :  |b marketing development /  |c April Biccum. 
260 |a London ;  |a New York :  |b Routledge,  |c 2010. 
300 |a 204 p. :  |b ill. 
490 1 |a Routledge/RIPE series in global political economy ;  |v 28 
504 |a Includes bibliographical references (p. [175]-192) and index. 
533 |a Electronic reproduction. Ann Arbor, MI : ProQuest, 2015. Available via World Wide Web. Access may be limited to ProQuest affiliated libraries. 
650 0 |a Economic development. 
650 0 |a Globalization. 
650 0 |a International trade. 
655 4 |a Electronic books. 
710 2 |a ProQuest (Firm) 
830 0 |a Routledge/RIPE studies in global political economy ;  |v 28. 
856 4 0 |u https://ebookcentral.proquest.com/lib/matrademy/detail.action?docID=995642  |z Click to View